La broncografía / (Record no. 148687)

MARC details
000 -LEADER
campo de control de longitud fija 00653nam a2200193 4500
001 - NÚMERO DE CONTROL
campo de control 148687
003 - IDENTIFICADOR DE NÚMERO DE CONTROL
campo de control ES-MaACL
005 - FECHA Y HORA DE LA ÚLTIMA TRANSACCIÓN
campo de control 20230906202749.0
007 - CAMPO FIJO DE DESCRIPCIÓN FÍSICA--INFORMACIÓN GENERAL
campo de control de longitud fija t|
008 - DATOS DE LONGITUD FIJA--INFORMACIÓN GENERAL
campo de control de longitud fija 070214s1956 sp r ||||1| spa d
100 1# - ENTRADA PRINCIPAL--NOMBRE DE PERSONA
Nombre de persona Stutz, Ernst.
9 (RLIN) 108524
245 13 - MENCIÓN DEL TÍTULO
Título La broncografía /
Mención de responsabilidad, etc. Dr. Ernst Stutz y Dr. Heinz Vieten ; traducción directa del alemán por el Dr. J. Bartolomé Iraeta.
250 ## - MENCION DE EDICION
Mención de edición [1ª ed. española].
260 ## - PUBLICACIÓN, DISTRIBUCIÓN, ETC.
Lugar de publicación, distribución, etc. Madrid :
Nombre del editor, distribuidor, etc. Alhambra,
Fecha de publicación, distribución, etc. [1956] (
Fabricante Grijelmo)
300 ## - DESCRIPCIÓN FÍSICA
Extensión VIII, 246 p., 7 lám. :
Otras características físicas il. ;
Dimensiones 29 cm.
700 1# - ENTRADA AGREGADA--NOMBRE PERSONAL
Nombre de persona Vieten, Heinz.
9 (RLIN) 114599
700 1# - ENTRADA AGREGADA--NOMBRE PERSONAL
Nombre de persona Iraeta, J. Bartolomé.
9 (RLIN) 65403
852 ## - LOCALIZACIÓN
Ubicación ES-MaACL
Número de control de estantería C-11699
Sublocalización o colección R.39585
Holdings
Estatus retirado Estado de pérdida Estado de daño No para préstamo Biblioteca de origen Biblioteca actual Ubicación en estantería Fecha de adquisición Fuente de adquisición Total de préstamos Signatura topográfica completa Código de barras Visto por última vez Precio de reemplazo Tipo de ítem Koha
        Biblioteca del Ateneo de Madrid Biblioteca del Ateneo de Madrid Sala Palomar 17/01/2008     C-11699 1155167 23/02/2023 23/02/2023 Libro impreso